000 00341 a2200133 4500
999 _c325212
_d325212
001 90139
003 NUST
082 _a297.55 JAV
100 _aJaved Iqbal
_99440
245 _aPhir Sooye Harm Lay Chal
_cJaved Iqbal
_hUrdu
260 _aLahore
_bIlm-o-Irfan Publishers
_c2012
300 _a192p.
500 _aGeneral Collection
942 _aCAE NUST
_cBK
_k297.55 JAV
_2ddc